| 000 | 00471nam a2200169 a 4500 | ||
|---|---|---|---|
| 001 | 4070 | ||
| 005 | 20140414131906.0 | ||
| 008 | 081222s19uu xx 00 eng d | ||
| 020 | _a0-439-44605-8 | ||
| 050 |
_aFIC _bSt4 2002 |
||
| 100 | _aStephens, Sarah Hives | ||
| 245 |
_aBeauty and the Beast and other stories / _cretold by Sarah Hives Stephens. |
||
| 260 |
_aNew York : _bScholastic, _cc2002. |
||
| 300 | _a74 p. : ill. ; cm. | ||
| 999 |
_c110935 _d110935 |
||